Las cooperativas de trabajo y el IVA (Registro nro. 14864)
[ vista simple ]
| 000 -LEADER | |
|---|---|
| fixed length control field | 00312 a2200109 4500 |
| 001 - CONTROL NUMBER | |
| control field | ART_18161 |
| 005 - DATE AND TIME OF LATEST TRANSACTION | |
| control field | 20260410161658.0 |
| 008 - FIXED-LENGTH DATA ELEMENTS--GENERAL INFORMATION | |
| fixed length control field | 260409a |
| 100 1# - MAIN ENTRY--PERSONAL NAME | |
| Personal name | Oklander, Juan |
| 245 10 - TITLE STATEMENT | |
| Title | Las cooperativas de trabajo y el IVA |
| 773 0# - HOST ITEM ENTRY | |
| Title | Práctica profesional |
| Related parts | - Nº 149 (sep. 2011) |
| Record control number | REV542 |
No hay ítems disponibles.